<?xml version="1.0" encoding="UTF-8"?>
<collection xmlns="http://www.loc.gov/MARC21/slim">
 <record>
  <leader>03550nam a22005415i 4500</leader>
  <controlfield tag="001">33608</controlfield>
  <controlfield tag="003">BD-DhAAL</controlfield>
  <controlfield tag="005">20250623154735.0</controlfield>
  <controlfield tag="008">180827t2016    bg ab    s    000 0 eng d</controlfield>
  <datafield tag="010" ind1=" " ind2=" ">
   <subfield code="a">  2017324171</subfield>
  </datafield>
  <datafield tag="020" ind1=" " ind2=" ">
   <subfield code="a">9789843416865 (paperback)</subfield>
  </datafield>
  <datafield tag="020" ind1=" " ind2=" ">
   <subfield code="a">9843416864</subfield>
  </datafield>
  <datafield tag="025" ind1=" " ind2=" ">
   <subfield code="a">I-E-2017324171; 22-92</subfield>
  </datafield>
  <datafield tag="035" ind1=" " ind2=" ">
   <subfield code="a">(OCoLC)ocn981868322</subfield>
  </datafield>
  <datafield tag="035" ind1=" " ind2=" ">
   <subfield code="a">(OCoLC)981868322</subfield>
  </datafield>
  <datafield tag="037" ind1=" " ind2=" ">
   <subfield code="b">Library of Congress -- New Delhi Overseas Office</subfield>
  </datafield>
  <datafield tag="040" ind1=" " ind2=" ">
   <subfield code="a">DKAGE</subfield>
   <subfield code="b">eng</subfield>
   <subfield code="e">rda</subfield>
   <subfield code="c">DKAGE</subfield>
   <subfield code="d">OCLCO</subfield>
   <subfield code="d">DLC</subfield>
   <subfield code="d">BD-DhAAL</subfield>
  </datafield>
  <datafield tag="042" ind1=" " ind2=" ">
   <subfield code="a">lccopycat</subfield>
   <subfield code="a">lcode</subfield>
  </datafield>
  <datafield tag="043" ind1=" " ind2=" ">
   <subfield code="a">a-bg---</subfield>
  </datafield>
  <datafield tag="050" ind1=" " ind2="4">
   <subfield code="a">LA1167</subfield>
   <subfield code="b">.E38 2016</subfield>
  </datafield>
  <datafield tag="082" ind1="0" ind2="4">
   <subfield code="a">372.95492</subfield>
   <subfield code="2">23</subfield>
  </datafield>
  <datafield tag="100" ind1="1" ind2=" ">
   <subfield code="a">Nath, Samir R.,</subfield>
   <subfield code="e">author.</subfield>
   <subfield code="9">28006</subfield>
  </datafield>
  <datafield tag="245" ind1="1" ind2="0">
   <subfield code="a">Education watch 2016 :</subfield>
   <subfield code="b">literacy, skills, lifelong learning : SDG4 in Bangladesh : where are we /</subfield>
   <subfield code="c">research team, Samir Ranjan Nath, A. Mushtaque R. Chowdhury ; reviewers, Manzoor Ahmed, Kazi Saleh Ahmed ; editors, Manzoor Ahmed, Rashda K Choudhury.</subfield>
  </datafield>
  <datafield tag="246" ind1="1" ind2="8">
   <subfield code="a">Literacy, skills, lifelong learning - SDG4 in Bangladesh :</subfield>
   <subfield code="b">where are we</subfield>
  </datafield>
  <datafield tag="246" ind1="1" ind2="8">
   <subfield code="a">Education watch 2016</subfield>
  </datafield>
  <datafield tag="260" ind1=" " ind2=" ">
   <subfield code="a">Dhaka, Bangladesh :</subfield>
   <subfield code="b">Campaign for Popular Education (CAMPE),</subfield>
   <subfield code="c">2016.</subfield>
  </datafield>
  <datafield tag="300" ind1=" " ind2=" ">
   <subfield code="a">xxxiii, 186 pages :</subfield>
   <subfield code="b">illustrations (black and white, and colour), 1 map (black and white) ;</subfield>
   <subfield code="c">28 cm.</subfield>
  </datafield>
  <datafield tag="500" ind1=" " ind2=" ">
   <subfield code="a">Includes statistical tables.</subfield>
  </datafield>
  <datafield tag="500" ind1=" " ind2=" ">
   <subfield code="a">Booklet contains: Overview of the main report.</subfield>
  </datafield>
  <datafield tag="526" ind1=" " ind2=" ">
   <subfield code="a">AAL</subfield>
  </datafield>
  <datafield tag="541" ind1=" " ind2=" ">
   <subfield code="a">Development Book Agency, Complimentary copy, Complimentary copy from Dr. Ahmed Mushtaque Raza Chowdhury (Former Vice Chairperson of BRAC)</subfield>
   <subfield code="e">33608, 31633, 31634, 44379, 44380</subfield>
  </datafield>
  <datafield tag="650" ind1=" " ind2="0">
   <subfield code="a">Education, Primary</subfield>
   <subfield code="z">Bangladesh.</subfield>
   <subfield code="9">28007</subfield>
  </datafield>
  <datafield tag="650" ind1=" " ind2="0">
   <subfield code="a">Education, Primary</subfield>
   <subfield code="x">Government policy</subfield>
   <subfield code="z">Bangladesh.</subfield>
   <subfield code="9">28008</subfield>
  </datafield>
  <datafield tag="650" ind1=" " ind2="0">
   <subfield code="a">Education, Primary</subfield>
   <subfield code="z">Bangladesh</subfield>
   <subfield code="v">Statistics.</subfield>
   <subfield code="9">28009</subfield>
  </datafield>
  <datafield tag="650" ind1=" " ind2="0">
   <subfield code="a">Educational surveys</subfield>
   <subfield code="z">Bangladesh.</subfield>
   <subfield code="9">28010</subfield>
  </datafield>
  <datafield tag="700" ind1="1" ind2=" ">
   <subfield code="a">Chowdhury, A. M. Raza,</subfield>
   <subfield code="e">author.</subfield>
   <subfield code="9">28011</subfield>
  </datafield>
  <datafield tag="700" ind1="1" ind2=" ">
   <subfield code="a">Ahmed, Kazi Saleh,</subfield>
   <subfield code="e">author.</subfield>
   <subfield code="9">28012</subfield>
  </datafield>
  <datafield tag="700" ind1="1" ind2=" ">
   <subfield code="a">Ahmed, Manzoor,</subfield>
   <subfield code="d">1940-</subfield>
   <subfield code="e">editor.</subfield>
   <subfield code="9">28013</subfield>
  </datafield>
  <datafield tag="700" ind1="1" ind2=" ">
   <subfield code="a">Choudhury, Rasheda K.,</subfield>
   <subfield code="e">editor.</subfield>
   <subfield code="9">28014</subfield>
  </datafield>
  <datafield tag="710" ind1="2" ind2=" ">
   <subfield code="a">Campaign for Popular Education (Organization),</subfield>
   <subfield code="e">copyright holder,</subfield>
   <subfield code="e">issuing body.</subfield>
   <subfield code="9">28015</subfield>
  </datafield>
  <datafield tag="852" ind1=" " ind2=" ">
   <subfield code="a">Ayesha Abed Library</subfield>
   <subfield code="c">General Stacks</subfield>
  </datafield>
  <datafield tag="942" ind1=" " ind2=" ">
   <subfield code="2">ddc</subfield>
   <subfield code="c">BK</subfield>
  </datafield>
  <datafield tag="999" ind1=" " ind2=" ">
   <subfield code="c">39665</subfield>
   <subfield code="d">39665</subfield>
  </datafield>
  <datafield tag="952" ind1=" " ind2=" ">
   <subfield code="0">0</subfield>
   <subfield code="1">0</subfield>
   <subfield code="2">ddc</subfield>
   <subfield code="4">0</subfield>
   <subfield code="6">372_954920000000000_NAT</subfield>
   <subfield code="7">0</subfield>
   <subfield code="9">63879</subfield>
   <subfield code="a">BRACUL</subfield>
   <subfield code="b">BRACUL</subfield>
   <subfield code="c">GEN</subfield>
   <subfield code="d">2018-07-23</subfield>
   <subfield code="e">Development Book Agency</subfield>
   <subfield code="g">500.00</subfield>
   <subfield code="l">0</subfield>
   <subfield code="o">372.95492 NAT</subfield>
   <subfield code="p">3010033608</subfield>
   <subfield code="r">2018-07-23</subfield>
   <subfield code="t">1</subfield>
   <subfield code="v">500.00</subfield>
   <subfield code="w">2018-07-23</subfield>
   <subfield code="y">BK</subfield>
  </datafield>
  <datafield tag="952" ind1=" " ind2=" ">
   <subfield code="0">0</subfield>
   <subfield code="1">0</subfield>
   <subfield code="2">ddc</subfield>
   <subfield code="4">0</subfield>
   <subfield code="6">372_954920000000000_NAT</subfield>
   <subfield code="7">0</subfield>
   <subfield code="9">64484</subfield>
   <subfield code="a">BRACUL</subfield>
   <subfield code="b">BRACUL</subfield>
   <subfield code="c">GEN</subfield>
   <subfield code="d">2017-03-13</subfield>
   <subfield code="e">Complimentary copy</subfield>
   <subfield code="l">0</subfield>
   <subfield code="o">372.95492 NAT</subfield>
   <subfield code="p">3010031633</subfield>
   <subfield code="r">2018-10-16</subfield>
   <subfield code="t">2</subfield>
   <subfield code="w">2017-03-13</subfield>
   <subfield code="y">BK</subfield>
  </datafield>
  <datafield tag="952" ind1=" " ind2=" ">
   <subfield code="0">0</subfield>
   <subfield code="1">0</subfield>
   <subfield code="2">ddc</subfield>
   <subfield code="4">0</subfield>
   <subfield code="6">372_954920000000000_NAT</subfield>
   <subfield code="7">0</subfield>
   <subfield code="9">64485</subfield>
   <subfield code="a">BRACUL</subfield>
   <subfield code="b">BRACUL</subfield>
   <subfield code="c">GEN</subfield>
   <subfield code="d">2017-03-13</subfield>
   <subfield code="e">Complimentary copy</subfield>
   <subfield code="l">0</subfield>
   <subfield code="o">372.95492 NAT</subfield>
   <subfield code="p">3010031634</subfield>
   <subfield code="r">2018-10-16</subfield>
   <subfield code="t">3</subfield>
   <subfield code="w">2017-03-13</subfield>
   <subfield code="y">BK</subfield>
  </datafield>
  <datafield tag="952" ind1=" " ind2=" ">
   <subfield code="0">0</subfield>
   <subfield code="1">0</subfield>
   <subfield code="2">ddc</subfield>
   <subfield code="4">0</subfield>
   <subfield code="6">372_954920000000000_NAT</subfield>
   <subfield code="7">1</subfield>
   <subfield code="9">77646</subfield>
   <subfield code="a">BRACUL</subfield>
   <subfield code="b">BRACUL</subfield>
   <subfield code="c">AMRC</subfield>
   <subfield code="d">2025-04-24</subfield>
   <subfield code="e">Complimentary copy from Dr. Ahmed Mushtaque Raza Chowdhury (Former Vice Chairperson of BRAC)</subfield>
   <subfield code="g">500.00</subfield>
   <subfield code="l">0</subfield>
   <subfield code="o">372.95492 NAT</subfield>
   <subfield code="p">3010044379</subfield>
   <subfield code="r">2025-04-24</subfield>
   <subfield code="t">4</subfield>
   <subfield code="w">2025-04-24</subfield>
   <subfield code="y">BK</subfield>
   <subfield code="x">Complimentary copy received from Dr. Ahmed Mushtaque Raza Chowdhury (Former Vice Chairperson of BRAC) on 17 April 2025</subfield>
  </datafield>
  <datafield tag="952" ind1=" " ind2=" ">
   <subfield code="0">0</subfield>
   <subfield code="1">0</subfield>
   <subfield code="2">ddc</subfield>
   <subfield code="4">0</subfield>
   <subfield code="6">372_954920000000000_NAT</subfield>
   <subfield code="7">1</subfield>
   <subfield code="9">77647</subfield>
   <subfield code="a">BRACUL</subfield>
   <subfield code="b">BRACUL</subfield>
   <subfield code="c">AMRC</subfield>
   <subfield code="d">2025-04-24</subfield>
   <subfield code="e">Complimentary copy from Dr. Ahmed Mushtaque Raza Chowdhury (Former Vice Chairperson of BRAC)</subfield>
   <subfield code="g">500.00</subfield>
   <subfield code="l">0</subfield>
   <subfield code="o">372.95492 NAT</subfield>
   <subfield code="p">3010044380</subfield>
   <subfield code="r">2025-04-24</subfield>
   <subfield code="t">5</subfield>
   <subfield code="w">2025-04-24</subfield>
   <subfield code="y">BK</subfield>
   <subfield code="x">Complimentary copy received from Dr. Ahmed Mushtaque Raza Chowdhury (Former Vice Chairperson of BRAC) on 17 April 2025</subfield>
  </datafield>
 </record>
</collection>
